Cell biotechnology / (Record no. 33075)
[ view plain ]
| 000 -LEADER | |
|---|---|
| fixed length control field | 00655nam a22002297a 4500 |
| 003 - CONTROL NUMBER IDENTIFIER | |
| control field | OSt |
| 005 - DATE AND TIME OF LATEST TRANSACTION | |
| control field | 20241001151001.0 |
| 008 - FIXED-LENGTH DATA ELEMENTS--GENERAL INFORMATION | |
| fixed length control field | 241001b |||||||| |||| 00| 0 eng d |
| 020 ## - INTERNATIONAL STANDARD BOOK NUMBER | |
| International Standard Book Number | 8171419607 |
| 040 ## - CATALOGING SOURCE | |
| Original cataloging agency | MMU |
| Language of cataloging | eng |
| Transcribing agency | MMU |
| Modifying agency | MMU |
| 050 ## - LIBRARY OF CONGRESS CALL NUMBER | |
| Classification number | T248 . T93 2005 |
| 100 ## - MAIN ENTRY--PERSONAL NAME | |
| Personal name | Tyagi Rajeev |
| 9 (RLIN) | 1907 |
| 245 ## - TITLE STATEMENT | |
| Title | Cell biotechnology / |
| Remainder of title | |
| Statement of responsibility, etc. | Rajeev Tyagi |
| 260 ## - PUBLICATION, DISTRIBUTION, ETC. (IMPRINT) | |
| Place of publication, distribution, etc. | New Delhi : |
| Name of publisher, distributor, etc. | Discovery Publishing House , |
| Date of publication, distribution, etc. | 2005 . |
| 300 ## - PHYSICAL DESCRIPTION | |
| Extent | 321 pages : |
| Other physical details | illustrations ; |
| 500 ## - GENERAL NOTE | |
| General note | Includes index |
| 610 ## - SUBJECT ADDED ENTRY--CORPORATE NAME | |
| Corporate name or jurisdiction name as entry element | Isolation of genomic DNA |
| 9 (RLIN) | 1908 |
| 650 ## - SUBJECT ADDED ENTRY--TOPICAL TERM | |
| Topical term or geographic name as entry element | Morphology of cell |
| 9 (RLIN) | 1922 |
| 700 ## - ADDED ENTRY--PERSONAL NAME | |
| Personal name | |
| 9 (RLIN) | 1909 |
| 700 ## - ADDED ENTRY--PERSONAL NAME | |
| Personal name | Modi Nagar |
| 9 (RLIN) | 1910 |
| 942 ## - ADDED ENTRY ELEMENTS (KOHA) | |
| Source of classification or shelving scheme | Library of Congress Classification |
| Koha item type | L |
| Withdrawn status | Lost status | Source of classification or shelving scheme | Damaged status | Not for loan | Home library | Current library | Date acquired | Source of acquisition | Cost, normal purchase price | Total Checkouts | Full call number | Barcode | Date last seen | Price effective from | Koha item type |
|---|---|---|---|---|---|---|---|---|---|---|---|---|---|---|---|
| Library of Congress Classification | Maasai Mara University Library -Main Campus | Maasai Mara University Library -Main Campus | 10/01/2024 | purchased | 2137.00 | TP248 .T93 2005 | 24040076 | 10/01/2024 | 10/01/2024 | L |